000 00499nam a22001931c 4500
001 a02168
008 051003s1983 gw |||| 000u ger d
041 _ager
100 1 _aNekrič, Aleksandr
245 0 0 _aEntsage der Angst :
_bErinnerungen eines Historikers /
_cAlexander Nekritsch
264 _aBerlin :
_b(Ullstein Tb.),
_c1983
300 _a315 S. Br.
648 0 _a<1941-1968>
650 0 _aPolitik
651 0 _aSowjetunion
942 _cMG
040 _cRU-10907106
003 RU-10907106
999 _c21620
_d21620